Quiz o chlebie - Statystyki

Ogólne statystyki
  • Ten quiz został rozwiązany 893 razy
  • Średni wynik to 11 z 16
Statystyki odpowiedzi
Pytanie Odpowiedź % Poprawnych
Co pozwala chlebkowi urosnąć? Drożdże
95%
Jaki rodzaj chleba pochodzący z Francji ma podłużny kształt? Bagietka
91%
Jak nazywa się chrześcijański sakrament, podczas którego wierni przyjmują ciało Chrystusa i jego krew pod postacią chleba i wina? Eucharystia
85%
Jaki rodzaj bułki ma klasycznie pięć nacięć? Kajzerka
84%
Podaj jedno z czterech najpopularniejszych określeń na końcówkę bochenka chleba Piętka | Dupka | Przylepka | Kromka
84%
Jak nazywa się napój uzyskiwany w wyniku fermentacji chleba, charakterystyczny dla kuchni wschodniej? {Kwas} chlebowy
81%
Który chleb z kuchni śródziemnomorskiej używany jest często do przyrządzania kebabów? Pita
79%
Co zawiera chleb, czego nie mogą jeść osoby chore na celiakię? Gluten
78%
W jakiej bajce bohaterowie zostawiali okruszki chleba, aby móc wrócić tą samą drogą? Jaś i Małgosia
73%
Jaki rodzaj chleba może kojarzyć się zarówno z pożywieniem podczas wypraw militarnych i nieśmiesznymi żartami? Suchar
73%
Czego domagało się pospólstwo w Starożytnym Rzymie, aby zaspokoić swoje potrzeby? Chleba i {igrzysk}
57%
Jak nazywa się żydowskie święto, podczas którego spożywa się macę? Pesach
53%
Kto, w odpowiedzi na brak chleba dla chłopów, odpowiedział: "Niech jedzą ciastka"? Maria Antonina
52%
Które państwo jest uważane za miejsce pochodzenia bajgli? Polska
48%
Nazwij jeden z trzech podstawowych rodzajów chleba podawany w indyjskich restauracjach Naan / Chapati / Roti
39%
Jakie jest hiszpańskie określenie na chleb? Pan
37%
Nie znaleziono quizów pasujących do podanych kryteriów
Rozkład punktacji
Procent ludzi z każdym wynikiem
Percentyl według liczby udzielonych odpowiedzi
Twoja historia wyników
Nie rozwiązałeś tego quizu